000 00978nam0a22002771 4500
001 rc\4248155
005 20250612030019.0
021 _aRU
_b[66-49814]
035 _a(NLR Aleph) 008474599
090 _a7951547
_c7951547
100 _a20130416d1966 |||y0rusy50 ca
101 0 _arus
102 _aRU
105 _aa z |||||
200 1 _aОсенняя и предпосевная обработка почвы
210 _aМосква
_cРоссельхозиздат
_d1966
215 _a64 с.
_cил.
_d21
300 _aПеред загл. авт.: В.П. Байко, канд. с.-х. наук. На обл. авт. не указан
320 _aБиблиогр.: с. 62-63
606 _aПочвы
_xОбработка
_yЕвропейская часть СССР
_2psbo
700 1 _aБайко
_bВ.П.
_gВасилий Парамонович
801 0 _aRU
_bNLR
_gpsbo
801 1 _aRU
_bELAR
_2rusmarc
852 _aNLR
_j66-6/7436
942 _cBOOK
980 _aNB